000 00745cam a22002053a 4500
001 35262
003 PGUSA
005 20140828083747.0
008 110215s2011||||xxu|||||s|||||000 | eng d
040 _aPGUSA
_beng
042 _adc
100 1 _aFénelon, Bertrand de Salignac de La Mothe,
_d-1599
245 1 0 _aCorrespondance diplomatique de Bertrand de Salignac de La Mothe Fénélon, tome premier :
_bAmbassadeur de France en Angleterre de 1568 à 1575
_h[electronic resource] /
_cBertrand de Salignac de La Mothe Fénelon
260 _bProject Gutenberg,
_c2011
506 _aPublic domain in the USA.
516 _aElectronic text
830 0 _aProject Gutenberg
_v35262
856 4 0 _uhttp://www.gutenberg.org/ebooks/35262
942 _cEB
999 _c264517
_d264517